000 00942nam a2200289 i 4500
001 bg
003 BPK
005 20220919074431.0
008 110530s2009 pl f |000 0 pol
015 _aPB 28293/2010
020 _a9788392481362
040 _cBPK
080 _a336.764/.768
080 _a(083.1)
100 1 _aJajuga, Krzysztof
_d(1956- )
_eAutor
245 1 0 _aPodstawowe strategie inwestowania /
_cKrzysztof Jajuga.
250 _aWyd. 3 uaktual.
260 _aWarszawa :
_bKomisja Nadzoru Finansowego,
_c2009.
300 _a30 s. ;
_c21 cm.
490 1 _aAnatomia Sukcesu : instytucje i zasady funkcjonowania rynku kapitałowego
500 _aNa s. tyt. i okł. nazwa projektu: CEDUR.
650 4 _aInwestycje
655 4 _aPoradnik
856 _uhttp://koha.tu.koszalin.pl/cgi-bin/koha/opac-detail.pl?biblionumber=49696
_yKatalog online BPK
830 0 _aAnatomia Sukcesu
942 _cKS
_2UKD
999 _c49696
_d49696